Quantitative analysis for management
Guardado en:
| Autor principal: | |
|---|---|
| Formato: | Libro |
| Lenguaje: | inglés |
| Publicado: |
Harlow
Pearson
2018
|
| Edición: | 13th ed. |
| Materias: | |
| Etiquetas: |
Sin Etiquetas, Sea el primero en etiquetar este registro!
|
MARC
| LEADER | 00000nam a2200000 4500 | ||
|---|---|---|---|
| 001 | 0236487 | ||
| 005 | 20240221114332.8 | ||
| 020 | |a 978-1-292-21765-9 | ||
| 020 | |a 1-292-21765-0 | ||
| 041 | 0 | |a eng | |
| 044 | |a GB | ||
| 245 | 1 | 0 | |a Quantitative analysis for management |c Barry Render... [et al.] |
| 250 | |a 13th ed. | ||
| 264 | 1 | |a Harlow |b Pearson |c 2018 | |
| 300 | |a 597 s. | ||
| 610 | 2 | 0 | |a manažment |
| 610 | 2 | 0 | |a analýza kvantitatívna |
| 610 | 2 | 0 | |a pravdepodobnosť |
| 610 | 2 | 0 | |a rozhodovanie |
| 610 | 2 | 0 | |a modely regresné |
| 610 | 2 | 0 | |a prognózy |
| 610 | 2 | 0 | |a kontrola |
| 610 | 2 | 0 | |a programovanie lineárne |
| 610 | 2 | 0 | |a modelovanie ekonometrické |
| 610 | 2 | 0 | |a programovanie nelineárne |
| 610 | 2 | 0 | |a riadenie projektové |
| 610 | 2 | 0 | |a simulácia |
| 610 | 2 | 0 | |a analýzy |
| 610 | 2 | 0 | |a kontrola štatistická |
| 100 | 1 | |a Render, Barry | |